[Event "HUN-chT2 Asztalos 1415"]
[Site "Hungary"]
[Date "2015.03.01"]
[Round "7"]
[White "Kele, Karoly"]
[Black "Katai, David"]
[Result "0-1"]
[WhiteElo "2121"]
[BlackElo "2233"]
[PlyCount "156"]
[EventDate "2014.10.12"]
[EventType "team-tourn"]
[EventRounds "9"]
[EventCountry "HUN"]
[SourceTitle "EXT 2016"]
[Source "ChessBase"]
[SourceDate "2015.10.08"]
[SourceVersion "1"]
[SourceVersionDate "2015.10.08"]
[SourceQuality "1"]
[WhiteTeam "Pecs Karmin"]
[BlackTeam "Kaposvar Bastya"]
[WhiteTeamCountry "HUN"]
[BlackTeamCountry "HUN"]

1. e4 c5 2. Nf3 d6 3. d4 cxd4 4. Nxd4 Nf6 5. Nc3 a6 6. Be3 e6 7. Be2 Be7 8. 0-0 0-0 9. f4 Qc7 10. Qe1 Nc6 11. Kh1 Nxd4 12. Bxd4 b5 13. a3 Bb7 14. Qg3 Bc6 15. Rae1 Qb7 16. Bd3 a5 17. e5 dxe5 18. fxe5 Nh5 19. Qh3 g6 20. Ne4 Rad8 21. c3 b4 22. axb4 axb4 23. Nf6+ Bxf6 24. exf6 Rd5 25. Re5 Rfd8 26. Rxd5 Rxd5 27. Be4 Rg5 28. Bxc6 Qxc6 29. Qf3 Qxf3 30. Rxf3 e5 31. Bxe5 Rxe5 32. g4 Re1+ 33. Kg2 Re2+ 34. Kh3 Rxb2 35. cxb4 Nxf6 36. Rxf6 Rxb4 37. Rf3 Kg7 38. Kg3 g5 39. h4 h5 40. hxg5 Rxg4+ 41. Kh3 Rxg5 42. Kh4 Kg6 43. Ra3 Rg4+ 44. Kh3 f5 45. Ra6+ Kg5 46. Ra8 h4 47. Rg8+ Kf4 48. Ra8 Rg1 49. Ra4+ Kg5 50. Ra8 Rg3+ 51. Kh2 f4 52. Rg8+ Kf5 53. Rh8 Kg4 54. Ra8 Re3 55. Rg8+ Kf3 56. Rf8 h3 57. Ra8 Kg4 58. Rg8+ Kf3 59. Rf8 Ke4 60. Re8+ Kd3 61. Rf8 Rf3 62. Ra8 Ke2 63. Ra2+ Ke3 64. Ra3+ Ke4 65. Ra4+ Kf5 66. Ra8 Rd3 67. Rf8+ Kg4 68. Rg8+ Kf3 69. Rf8 Ke3 70. Kxh3 Ke2+ 71. Kh2 f3 72. Kg3 Re3 73. Kh2 Re5 74. Ra8 f2 75. Ra2+ Kf3 76. Ra3+ Re3 77. Ra1 Re1 78. Ra3+ Ke4 0-1

[Event "HUN-chT2 Asztalos 1415"]
[Site "Hungary"]
[Date "2014.11.16"]
[Round "2.2"]
[White "Katai, David"]
[Black "Nemeth, Antal"]
[Result "1/2-1/2"]
[WhiteElo "2233"]
[BlackElo "2283"]
[PlyCount "28"]
[EventDate "2014.10.12"]
[EventType "team-tourn"]
[EventRounds "9"]
[EventCountry "HUN"]
[SourceTitle "EXT 2016"]
[Source "ChessBase"]
[SourceDate "2015.10.08"]
[SourceVersion "1"]
[SourceVersionDate "2015.10.08"]
[SourceQuality "1"]
[WhiteTeam "Kaposvar Bastya"]
[BlackTeam "Baja Spartacus"]
[WhiteTeamCountry "HUN"]
[BlackTeamCountry "HUN"]

1. e4 c5 2. Nf3 e6 3. d4 cxd4 4. Nxd4 a6 5. c4 Nf6 6. Nc3 Qc7 7. a3 b6 8. Be3 Bb7 9. f3 d6 10. Be2 Nbd7 11. 0-0 Be7 12. Rc1 Rc8 13. b4 0-0 14. Qd2 Rfe8 1/2-1/2

[Event "HUN-chT2 Asztalos 1314"]
[Site "Hungary"]
[Date "2013.11.03"]
[Round "4"]
[White "Katai, David"]
[Black "Nemeth, Antal"]
[Result "1/2-1/2"]
[WhiteElo "2243"]
[BlackElo "2309"]
[PlyCount "28"]
[EventDate "2013.09.08"]
[EventType "team-tourn"]
[EventRounds "9"]
[EventCountry "HUN"]
[SourceTitle "EXT 2016"]
[Source "ChessBase"]
[SourceDate "2015.10.08"]
[SourceVersion "1"]
[SourceVersionDate "2015.10.08"]
[SourceQuality "1"]
[WhiteTeam "Kaposvar Bastya"]
[BlackTeam "Baja"]
[WhiteTeamCountry "HUN"]
[BlackTeamCountry "HUN"]

1. e4 c5 2. Nf3 e6 3. d4 cxd4 4. Nxd4 a6 5. c4 Nf6 6. Nc3 Qc7 7. a3 b6 8. Be2 Bb7 9. f3 d6 10. Be3 Be7 11. 0-0 0-0 12. Rc1 Nbd7 13. b4 Rac8 14. Kh1 Qb8 1/2-1/2

[Event "HUN-chT2 Asztalos 1213"]
[Site "Hungary"]
[Date "2012.11.18"]
[Round "4.2"]
[White "Tomasic, Dragutin"]
[Black "Katai, David"]
[Result "0-1"]
[WhiteElo "2015"]
[BlackElo "2231"]
[PlyCount "102"]
[EventDate "2012.09.16"]
[EventType "team-tourn"]
[EventRounds "9"]
[EventCountry "HUN"]
[SourceTitle "EXT 2014"]
[Source "ChessBase"]
[SourceDate "2013.11.20"]
[SourceVersion "1"]
[SourceVersionDate "2013.11.20"]
[SourceQuality "1"]
[WhiteTeam "Mohacs"]
[BlackTeam "Kaposvar Bastya"]
[WhiteTeamCountry "HUN"]
[BlackTeamCountry "HUN"]

1. d4 Nf6 2. Nf3 g6 3. c4 Bg7 4. g3 0-0 5. Bg2 d6 6. Nc3 Nbd7 7. 0-0 e5 8. e4 c6 9. d5 cxd5 10. cxd5 Nc5 11. Qc2 Qb6 12. Be3 Bd7 13. Nd2 Rfc8 14. h3 Qd8 15. a4 Nh5 16. Qb1 f5 17. Ra3 f4 18. Bxc5 Rxc5 19. g4 f3 20. Nxf3 Nf4 21. Qd1 h5 22. Nh2 Qh4 23. Ne2 Nxg2 24. Kxg2 hxg4 25. hxg4 Bxg4 26. Nxg4 Qxg4+ 27. Ng3 Qd7 28. Qd2 Rac8 29. Qg5 Qe8 30. b4 Rc2 31. b5 R8c7 32. Qe3 Qf8 33. Qxa7 Rf7 34. Nh1 Bh6 35. Rg3 Kg7 36. Kg1 Re2 37. Rg4 Be3 38. Qa5 Rfxf2 39. Nxf2 Rxf2 40. Qc7+ Rf7+ 41. Kg2 Rxc7 42. Rxg6+ Kxg6 43. Rxf8 b6 44. Rd8 Bc5 45. Ra8 Kg5 46. Kg3 Bb4 47. Rb8 Rc3+ 48. Kg2 Bc5 49. Ra8 Kf4 50. a5 bxa5 51. Rxa5 Kxe4 0-1

[Event "HUN-chT2 Asztalos 1112"]
[Site "Hungary"]
[Date "2012.04.22"]
[Round "9.2"]
[White "Katai, David"]
[Black "Nemeth, Antal"]
[Result "1/2-1/2"]
[WhiteElo "2224"]
[BlackElo "2279"]
[PlyCount "38"]
[EventDate "2011.09.25"]
[EventType "team-tourn"]
[EventRounds "11"]
[EventCountry "HUN"]
[SourceTitle "EXT 2013"]
[Source "ChessBase"]
[SourceDate "2012.11.22"]
[SourceVersion "1"]
[SourceVersionDate "2012.11.22"]
[SourceQuality "1"]
[WhiteTeam "Kaposvar Bastya"]
[BlackTeam "Baja"]
[WhiteTeamCountry "HUN"]
[BlackTeamCountry "HUN"]

1. e4 c5 2. Nf3 e6 3. d4 cxd4 4. Nxd4 a6 5. c4 Nf6 6. Nc3 Bb4 7. Bd3 Nc6 8. Nxc6 dxc6 9. 0-0 e5 10. Ne2 Bc5 11. a3 a5 12. b3 0-0 13. Bb2 Qe7 14. Ng3 Rd8 15. Qc2 h5 16. Be2 g6 17. Bf3 h4 18. Ne2 Bg4 19. Bxg4 Nxg4 1/2-1/2

[Event "HUN-chT2 Asztalos 1011"]
[Site "Hungary"]
[Date "2010.09.26"]
[Round "2.1"]
[White "Mathe, Gaspar"]
[Black "Katai, David"]
[Result "1-0"]
[WhiteElo "2335"]
[BlackElo "2235"]
[PlyCount "95"]
[EventDate "2010.09.12"]
[EventType "team-tourn"]
[EventRounds "11"]
[EventCountry "HUN"]
[SourceTitle "EXT 2012"]
[Source "ChessBase"]
[SourceDate "2011.11.24"]
[SourceVersion "1"]
[SourceVersionDate "2011.11.24"]
[SourceQuality "1"]
[WhiteTeam "Nagyatad"]
[BlackTeam "Kaposvar Bastya"]
[WhiteTeamCountry "HUN"]
[BlackTeamCountry "HUN"]

1. e4 c5 2. Nf3 d6 3. Bc4 Nf6 4. Qe2 Nc6 5. c3 Bg4 6. h3 Bxf3 7. Qxf3 e6 8. Bb3 Be7 9. 0-0 0-0 10. Re1 b5 11. d3 Qc7 12. Nd2 b4 13. Nc4 Nd7 14. Bf4 Nde5 15. Qg3 Rfd8 16. Rad1 Nxc4 17. Bxc4 Bf6 18. Bd2 a5 19. a4 bxa3 20. bxa3 a4 21. Rb1 Na5 22. Ba2 Rab8 23. Qg4 Nb3 24. Qd1 Nxd2 25. Qxd2 Qa5 26. Rec1 Rxb1 27. Bxb1 Rb8 28. Ba2 h6 29. g3 Rb6 30. Kg2 Qb5 31. Rc2 Kf8 32. d4 cxd4 33. cxd4 Qa6 34. d5 e5 35. Qc1 Kg8 36. Rc4 Qa5 37. Rc8+ Kh7 38. Qc7 Ra6 39. Qxf7 Qe1 40. Qb7 Qxe4+ 41. Kh2 Qe2 42. Bb1+ e4 43. Rc2 Qd3 44. Ra2 Qc4 45. f3 h5 46. Bxe4+ Kh6 47. Rc2 Qf1 48. Qf7 1-0

[Event "HUN-chT2 Charousek 0809"]
[Site "Hungary"]
[Date "2008.11.02"]
[Round "2"]
[White "Katai, David"]
[Black "Petenyi, Tamas"]
[Result "1/2-1/2"]
[WhiteElo "2246"]
[BlackElo "2251"]
[PlyCount "75"]
[EventDate "2008.10.26"]
[EventType "team-tourn"]
[EventRounds "11"]
[EventCountry "HUN"]
[SourceTitle "EXT 2010"]
[Source "ChessBase"]
[SourceDate "2010.11.25"]
[SourceVersion "1"]
[SourceVersionDate "2010.11.25"]
[SourceQuality "1"]
[WhiteTeam "Szenna Pack"]
[BlackTeam "Haladas II"]
[WhiteTeamCountry "HUN"]
[BlackTeamCountry "HUN"]

1. e4 e5 2. Nf3 Nc6 3. Bb5 a6 4. Ba4 Nf6 5. 0-0 Be7 6. Re1 b5 7. Bb3 d6 8. c3 0-0 9. h3 Na5 10. Bc2 c5 11. d4 Nd7 12. Nbd2 exd4 13. cxd4 Nc6 14. Nf1 cxd4 15. Nxd4 Nxd4 16. Qxd4 Ne5 17. f4 Nc6 18. Qf2 Bh4 19. g3 Bf6 20. Kh2 Bb7 21. Ne3 Re8 22. Nd5 Rc8 23. Be3 Bxb2 24. Rad1 Ne7 25. Nb6 Rc6 26. Re2 Bc3 27. Bb3 Ba5 28. Nd5 Nxd5 29. Bxd5 Rc7 30. Bxb7 Rxb7 31. Bc5 Rd7 32. Qd4 Bc7 33. Ba3 Qb8 34. Bb2 f6 35. Qd5+ Rf7 36. Rc1 Bd8 37. Qc6 Bb6 38. Qd5 1/2-1/2

[Event "HUN-chT2 Charousek 0708"]
[Site "Hungary"]
[Date "2008.03.30"]
[Round "9"]
[White "Nemeth, Zoltan"]
[Black "Katai, David"]
[Result "1/2-1/2"]
[WhiteElo "2333"]
[BlackElo "2238"]
[PlyCount "43"]
[EventDate "2007.10.14"]
[EventType "team"]
[EventRounds "11"]
[EventCountry "HUN"]
[SourceTitle "EXT 2009"]
[Source "ChessBase"]
[SourceDate "2008.11.26"]
[SourceVersion "1"]
[SourceVersionDate "2008.11.26"]
[SourceQuality "1"]
[WhiteTeam "Taban Spartacus"]
[BlackTeam "Szenna Pack"]
[WhiteTeamCountry "HUN"]
[BlackTeamCountry "HUN"]

1. Nf3 Nf6 2. c4 g6 3. d4 Bg7 4. g3 0-0 5. Bg2 d6 6. 0-0 Nbd7 7. Qc2 c6 8. Rd1 Qc7 9. b3 Re8 10. Ba3 Nf8 11. Nc3 Bf5 12. e4 Bg4 13. h3 Bxf3 14. Bxf3 Rad8 15. Rd2 e5 16. Rad1 Ne6 17. dxe5 dxe5 18. Bd6 Qc8 19. Bxe5 Rxd2 20. Qxd2 Nxe4 21. Nxe4 Bxe5 22. Bg2 1/2-1/2

[Event "HUN-chT2 Charousek 0506"]
[Site "Hungary"]
[Date "2005.10.16"]
[Round "1"]
[White "Szakony, Laszlo"]
[Black "Katai, David"]
[Result "0-1"]
[WhiteElo "2228"]
[BlackElo "2185"]
[PlyCount "110"]
[EventDate "2005.10.16"]
[EventType "team"]
[EventRounds "11"]
[EventCountry "HUN"]
[SourceTitle "EXT 2009"]
[Source "ChessBase"]
[SourceDate "2008.11.26"]
[SourceVersion "1"]
[SourceVersionDate "2008.11.26"]
[SourceQuality "1"]
[WhiteTeam "Csuti II"]
[BlackTeam "Szenna Pack"]
[WhiteTeamCountry "HUN"]
[BlackTeamCountry "HUN"]

1. b3 d5 2. Bb2 Bf5 3. Nf3 Nd7 4. d3 c5 5. Nbd2 Ngf6 6. g3 Qc7 7. Bg2 e5 8. 0-0 d4 9. e3 Bd6 10. Nc4 0-0 11. Qc1 Rfe8 12. exd4 exd4 13. Bxd4 cxd4 14. Nxd4 Be5 15. Nxf5 Bxa1 16. Qg5 Ne4 17. Bxe4 Bf6 18. Qg4 Nc5 19. Ncd6 Re6 20. Nh6+ Kf8 21. Nhxf7 Rxd6 22. Nxd6 Qxd6 23. Bxh7 Qd4 24. Qh3 Ke7 25. Bf5 Kd6 26. Qh5 Rf8 27. Re1 Kc7 28. Re8 Rxe8 29. Qxe8 Kb6 30. a4 a6 31. Qe2 Qe5 32. Qxe5 Bxe5 33. Kf1 Ka5 34. Ke2 Kb4 35. h4 Kc3 36. g4 Bd4 37. Bc8 a5 38. f4 Kxc2 39. f5 Bf6 40. g5 Be7 41. d4 Nxb3 42. Ke3 b6 43. Be6 Nd2 44. Kf4 Kd3 45. h5 Kxd4 46. f6 gxf6 47. g6 Bf8 48. Kf5 Ne4 49. Bd7 Bg7 50. Bc6 Nd6+ 51. Ke6 Kc5 52. Bf3 f5 53. Be2 f4 54. Bf3 b5 55. axb5 a4 0-1

[Event "HUN-ch U18"]
[Site "Balatonlelle"]
[Date "2005.07.03"]
[Round "5"]
[White "Nagy, Daniel"]
[Black "Katai, David"]
[Result "1/2-1/2"]
[WhiteElo "2172"]
[BlackElo "2154"]
[PlyCount "103"]
[EventDate "2005.06.29"]
[EventType "swiss"]
[EventRounds "9"]
[EventCountry "HUN"]
[SourceTitle "EXT 2008"]
[Source "ChessBase"]
[SourceDate "2007.11.25"]
[SourceVersion "1"]
[SourceVersionDate "2007.11.25"]
[SourceQuality "1"]

1. d4 Nf6 2. Bg5 Ne4 3. Bf4 d5 4. e3 e6 5. Bd3 Be7 6. Bxe4 dxe4 7. Nd2 f5 8. Qh5+ g6 9. Qh6 Bf8 10. Qh3 Nd7 11. f3 exf3 12. Ngxf3 Bg7 13. Nc4 Nf6 14. Bh6 Qe7 15. Nce5 0-0 16. 0-0-0 Bd7 17. Qh4 a5 18. Rhg1 b5 19. g4 Be8 20. gxf5 exf5 21. Ng5 Ra6 22. Nh3 b4 23. Nf4 Bxh6 24. Qxh6 Ne4 25. Rg2 Qg7 26. Qh3 a4 27. Rdg1 a3 28. b3 Nc3 29. Qf3 Nxa2+ 30. Kb1 Nc3+ 31. Ka1 Ne4 32. Qe2 Rb6 33. Qc4+ Kh8 34. Ne6 Rxe6 35. Qxe6 Bb5 36. Nxg6+ hxg6 37. Rxg6 Rf6 38. Qc8+ Rf8 39. Qe6 Rf6 40. Qc8+ Rf8 41. Qb7 Nd6 42. Qf3 Qh7 43. R1g3 Be8 44. Rxd6 Bh5 45. Qd5 cxd6 46. Qxd6 Rg8 47. Qf6+ Rg7 48. Qd8+ Rg8 49. Qf6+ Rg7 50. d5 Kg8 51. Qe6+ Kh8 52. Qf6 1/2-1/2